Central Library OPAC University of Rajshahi

Unions and capitalism / (Record no. 42779)

MARC details
000 -LEADER
fixed length control field 00851cam a22002651 4500
001 - CONTROL NUMBER
control field 42779
003 - CONTROL NUMBER IDENTIFIER
rucl marc code BD-RjUL
005 - DATE AND TIME OF LATEST TRANSACTION
control field 20211209053606.0
008 - FIXED-LENGTH DATA ELEMENTS--GENERAL INFORMATION
fixed length control field 160615r19401949ctu b 000 0 eng
035 ## - SYSTEM CONTROL NUMBER
System control number (BD-RjUL)42897
System control number (OCoLC)411432
040 ## - CATALOGING SOURCE
Original cataloging agency DLC
Transcribing agency OClU
Modifying agency NcRS
-- DLC
Language of cataloging eng
041 ## - LANGUAGE CODE
Language code of text/sound track or separate title eng
082 ## - DEWEY DECIMAL CLASSIFICATION NUMBER
Classification number 331.880973
Author mark and year LIU 1950
100 1# - MAIN ENTRY--PERSONAL NAME
Personal name Lindblom, Charles E.
Dates associated with a name 1917-
9 (RLIN) 131468
245 10 - TITLE STATEMENT
Title Unions and capitalism /
Statement of responsibility, etc. by Charles E. Lindblom.
260 ## - PUBLICATION, DISTRIBUTION, ETC. (IMPRINT)
Place of publication, distribution, etc. New Haven :
Name of publisher, distributor, etc. Yale Univ. Press,
Date of publication, distribution, etc. 1949 [printing 1950]
300 ## - PHYSICAL DESCRIPTION
Pagination xi, 267 p. ;
Size 21 cm.
504 ## - BIBLIOGRAPHY, ETC. NOTE
Bibliography, etc Bibliographical references included in "Notes" (p. [256]-262)
650 #0 - SUBJECT ADDED ENTRY--TOPICAL TERM
Topical term or geographic name as entry element Labor unions
Geographic subdivision United States.
9 (RLIN) 131469
Topical term or geographic name as entry element Monopolies
Geographic subdivision United States.
9 (RLIN) 131470
651 #0 - SUBJECT ADDED ENTRY--GEOGRAPHIC NAME
Geographic name United States
General subdivision Economic policy.
9 (RLIN) 131471
942 ## - ADDED ENTRY ELEMENTS (KOHA)
Source of classification or shelving scheme Dewey Decimal Classification
Koha item type Books
Holdings
Lost status Source of classification or shelving scheme Damaged status Not for loan Collection code Permanent Location Current Location Shelving location Date acquired Source of acquisition Cost, normal purchase price Total Checkouts Full call number Date last seen Copy number Koha item type
  Dewey Decimal Classification     Non-fiction Central Library, University of Rajshahi Central Library, University of Rajshahi   23/08/1955 O.U.P 15.00   331.880973 LIU 1950 15/06/2016 C-2 Books